000
00289nam a22001337a 4500
008
180827b xxu||||| |||| 00| 0 eng d
020
_a
9780618147205
041
_a
eng
080
_a
338
100
_a
53
101
_a
MAN
245
_a
STRATEGIC MANAGEMENT
_c
HILL.CH.W
942
_2
udc
_c
BK
999
_c
47351
_d
47351